000 00478nam a2200193Ia 4500
005 20240823031814.0
008 240823s9999||||xx |||||||||||||| ||und||
020 _a978-0-387-09782-4
041 _aENGLISH
082 _A620.5 Q1
100 _aRamesh K T
245 0 _aNanomaterials Mechanics and Mechanisms
250 _a1st
260 _c2011
_bSpringer International Ed
500 _aYES
650 _aNanomaterials
_bNano Technology
942 _cBK
999 _c191943
_d191943